UBT Library

International environmental law in a nutshell / (Record no. 326)

000 -LEADER
fixed length control field 00764cam a2200253 a 4500
005 - DATE AND TIME OF LATEST TRANSACTION
control field 20131115040124.0
008 - FIXED-LENGTH DATA ELEMENTS--GENERAL INFORMATION
fixed length control field 031107s2003 mnu 001 0 eng
020 ## - INTERNATIONAL STANDARD BOOK NUMBER
International Standard Book Number 0314144099
041 0# - LANGUAGE CODE
Language code of text/sound track or separate title eng
080 ## - UNIVERSAL DECIMAL CLASSIFICATION NUMBER
Universal Decimal Classification number 341
100 1# - Rafti
Rafti Guruswamy, Lakshman D.,
100 1# - Rafti
-- 1939-
245 10 - TITLE STATEMENT
Title International environmental law in a nutshell /
Statement of responsibility, etc by Lakshman D. Guruswamy.
246 18 - VARYING FORM OF TITLE
Title proper/short title International environmental law
250 ## -
-- 2nd ed.
260 ## -
-- St. Paul, Minn. :
-- Thomson/West,
-- 2003.
300 ## -
-- xxxvii, 617 p. ;
-- 19 cm.
490 1# -
-- West nutshell series
500 ## -
-- Preface : f. III-VI
500 ## -
-- Includes index.
650 #0 -
-- Ligji i mjedisit, ndërkombëtar.
700 1# -
-- Hendricks, Brent R.,
-- 1958-
830 #0 -
-- Nutshell series.
942 ## - ADDED ENTRY ELEMENTS (KOHA)
Source of classification or shelving scheme
Item type Books
Holdings
Withdrawn status Lost status Source of classification or shelving scheme Damaged status Not for loan Collection code Permanent location Current location Shelving location Date acquired Total Checkouts Full call number Barcode Date last seen Koha item type
          Koleksioni i përgjithshem UBT - Prishtine UBT - Prishtine Koleksioni i përgjithshem 11/15/2013   341 GUR 001-000428 11/15/2013 Books
UBT Library © 2015-2024. All rights reserved University Education for Business and Technology